000 02374nam a22003377a 4500
999 _c63431
_d63431
003 Ge_BSU
005 20251008211930.0
008 251008s2017 ge ||||| |||| 00| 0 geo d
020 _a9789941248566
041 _ageo
080 _a614(031) პ-63
100 _aპორტერი, რობერტ ს.
_925965
245 _a ჯანმრთელობის ენციკლოპედია ყველა თაობისთვის : 7 ტომეული :
_b ტ. 7 /
_cრობერტ ს. პორტერი, ჯასტინ ლ. კაპლანი, ბარბარა პ. ჰომიერი; მთარგმნელები: ნინო კიკნაძე, ლია რუსიეშვილი, ანა სიბოშვილი [და სხვ.]; რედაქტორები: გივი ჯავაშვილი, გურამ კიკნაძე, თამარ მამაცაშვილი.
264 _aთბილისი :
_bპალიტრა L,
_c2017.
300 _a612 გვ.;
_b26 სმ.
490 _aმსოფლიო ბესტსელერი
653 _aბავშვთა ჯანმრთელობა
653 _aმოხუცებულთა ჯანმრთელობა
653 _aდაზიანებები და მოწამვლები
653 _aსაგანგებო საკითხი
700 _aაპლანი, ჯასტინ ლ.
_eავტორი
_925966
700 _aჰომიერი, ბარბარა ჰ.
_eავტორი
_925967
700 _aკიკნაძე, ნინო
_eმთარგმნელი
_925968
700 _aრუსიეშვილი, ლია
_e მთარგმნელი
_925969
700 _aსიბოშვილი, ანა
_e მთარგმნელი
_925970
700 _aმელიქიძე, თამარ და სხვ.
_eმთარგმნელი
_925971
700 _aჯავაშვილი, გივი
_eრედაქტორი
_916844
700 _aკიკნაძე, გურამ
_eრედაქტორი
_925984
700 _aმამაცაშვილი, თამარ
_eრედაქტორი
_925985
942 _2udc
_cᲬᲘᲒᲜᲘ